|
|
|
|
| LEADER |
00667nnm a2200181 i 4500 |
| 001 |
eta4487 |
| 005 |
20210104135136.0 |
| 008 |
210104suuuu hu o 0|| eng d |
| 040 |
|
|
|a SZTE Elektronikus Tananyag Archívum
|b hun
|
| 041 |
|
|
|a eng
|
| 100 |
1 |
|
|a Kiss Gábor Dávid
|
| 245 |
1 |
4 |
|a The adoption of ECB’s inflation targeting monetary policy in Central East Europe
|h [elektronikus dokumentum] /
|c Kiss Gábor Dávid
|
| 300 |
|
|
|a 48
|
| 516 |
|
|
|a Presentation
|
| 650 |
|
4 |
|a Társadalomtudományok
|
| 650 |
|
4 |
|a Közgazdasági és gazdálkodástudományok
|
| 695 |
|
|
|a pénzügyi politika
|
| 856 |
4 |
0 |
|u https://eta.bibl.u-szeged.hu/4487/1/2010-0012_42_06.pdf
|z Dokumentum-elérés
|